Análisis crítico de jurisprudencia, doctrina y estrategias societarias (Registro nro. 3361)

Detalles MARC
000 -LEADER
fixed length control field 00956 a2200229 4500
001 - CONTROL NUMBER
control field 41093
005 - DATE AND TIME OF LATEST TRANSACTION
control field 20260407155704.0
008 - FIXED-LENGTH DATA ELEMENTS--GENERAL INFORMATION
fixed length control field 260407a2004 arg spa d
003 - CONTROL NUMBER IDENTIFIER
control field AR-UNSa-BCEJYS
040 ## - CATALOGING SOURCE
Original cataloging agency AR-UNSa-BCEJYS
Language of cataloging spa
Transcribing agency AR-UNSa-BCEJYS
080 ## - UNIVERSAL DECIMAL CLASSIFICATION NUMBER
Universal Decimal Classification number 347.72
Common auxiliary subdivision Sociedades comerciales
020 ## - INTERNATIONAL STANDARD BOOK NUMBER
International Standard Book Number 950-894-434-X
041 ## - LANGUAGE CODE
Language code of text/sound track or separate title spa
100 1# - MAIN ENTRY--PERSONAL NAME
Personal name Fundación para la Investigación y Desarrollo de las Ciencias Jurídicas
245 10 - TITLE STATEMENT
Title Análisis crítico de jurisprudencia, doctrina y estrategias societarias
264 #1 - PRODUCTION, PUBLICATION, DISTRIBUTION, MANUFACTURE, AND COPYRIGHT NOTICE
Place of production, publication, distribution, manufacture Buenos Aires :
Name of producer, publisher, distributor, manufacturer AD-HOC
Date of production, publication, distribution, manufacture, or copyright notice 2004
300 ## - PHYSICAL DESCRIPTION
Extent 279 p.
Dimensions 23 cm.
505 ## - FORMATTED CONTENTS NOTE
Formatted contents note 1. Presentación - 2. Personalidad jurídica - 3. Conflictos societarios, y asambleas - 4. Conflictos societarios, y directorio - 5. Sociedades extranjeras - 6. Pluralidad de socios
590 ## - LOCAL NOTE (RLIN)
Local note niveau_biblio:m niveau_hierar:0
856 41 - ELECTRONIC LOCATION AND ACCESS
Uniform Resource Identifier <a href="https://biblioeco.unsa.edu.ar/pmb/images/libros/L126363.jpg">https://biblioeco.unsa.edu.ar/pmb/images/libros/L126363.jpg</a>
Link text Imagen de portada
Electronic format type image/jpeg
942 ## - ADDED ENTRY ELEMENTS (KOHA)
Koha item type
Existencias
Withdrawn status Lost status Damaged status Not for loan Home library Current library Shelving location Date acquired Total checkouts Full call number Barcode Date last seen Price effective from Koha item type
        Biblioteca Prof. Eusebio Cleto del Rey Biblioteca Prof. Eusebio Cleto del Rey   07/04/2026   347.72 F981 v.4 L126363 07/04/2026 07/04/2026 Libro